000 00451nam a2200193Ia 4500
003 OSt
005 20221005131442.0
006 a|||||r|||| 00| 0
007 ta
008 221004b |||||||| |||| 00| 0 eng d
024 _a112419
037 _cTextual
040 _aCRL
_cCRL
_beng
041 _2eng
_aeng
100 _aVerma Vrindavan lal
_9393900
245 0 _aSona
942 _cTEXL
_2cc
999 _c1060378
_d1060378